Introduction to hilbert space and the theory of spectral multiplicity (Record no. 754904)

MARC details
000 -LEADER
fixed length control field 00441nam a22001577a 4500
020 ## - INTERNATIONAL STANDARD BOOK NUMBER
ISBN 9780486817330
100 ## - MAIN ENTRY--AUTHOR NAME
Personal name Halmos, Paul R
245 ## - TITLE STATEMENT
Title Introduction to hilbert space and the theory of spectral multiplicity
250 ## - EDITION STATEMENT
Edition statement 2nd ed.
260 ## - PUBLICATION, DISTRIBUTION, ETC. (IMPRINT)
Place of publication New York
Name of publisher Dover publications
Year of publication 2022
300 ## - PHYSICAL DESCRIPTION
Number of Pages 114
650 ## - SUBJECT ADDED ENTRY--TOPICAL TERM
Topical Term Spectral measures
650 ## - SUBJECT ADDED ENTRY--TOPICAL TERM
Topical Term Hermitian operators
942 ## - ADDED ENTRY ELEMENTS (KOHA)
Source of classification or shelving scheme Dewey Decimal Classification
Koha item type Book
Holdings
Withdrawn status Lost status Source of classification or shelving scheme Damaged status Not for loan Collection code Home Library Current Location Shelving location Date acquired Source of acquisition Cost, normal purchase price Full call number Accession Number Price effective from Koha item type
    Dewey Decimal Classification     Gift or donation Dept. of Mathematics Dept. of Mathematics General Stacks 08/01/2026 Donated by Dr. Krishna Kumar G on the completion of SERB sponsored project (UO. No: Ad.F1/1373/2021 dated 22/01/2024) 931.85 515.733 HAL-I MATG222 08/01/2026 Book